000 02344cam a22005774i 4500
003 PE-LiUPU
005 20250731173520.0
008 150616s r 000 0 d
020 _a0851691145
035 _a(Sirsi) i9780851691145
035 _a(Sirsi) i9780851691145
040 _aPE-LiUPU
_bspa
_cPE-LiUPU
_erda
049 _aPRUA
082 0 4 _a231
_bB83
_221
100 1 _aThe British Council of Churches,
_eautor.
245 1 4 _aThe Forgotten Trinity.
_n3.
264 1 _aLondon :
_bThe British Council of Churches,
_c1989.
300 _a49 páginas ;
_c21 centímetros
336 _atext
_2rdacontent
337 _aunmediated
_2rdamedia
338 _avolume
_2rdacarrier
490 0 _aThe Forgotten Trinity ;
_v1
500 _aSantísima Trinidad
_bvéase
_cTRINIDAD.
504 _aBibliografía: páginas 45-47.
505 0 _aWhere We Stand.- God.- The Person.- The Trinity and the Church.- The Trinity, The Church and the World.
526 _aSEG42
526 _aSEG41
526 _aSEG40
526 _aSEG39
526 _aP94
526 _aP87
526 _aP86
526 _aP85
526 _aP77
526 _aP76
526 _aP35
650 0 4 _aTRINIDAD - DOCTRINA.
910 _ajck
_bjvq
_cjck
942 _2ddc
_cBOOK
949 _a231 B83 3
_wDEWEY
_c1
_i41867
_lCCODEBUL1
_mBUL
_r0
_sY
_tBOOK
_u2015-6-16
_xTEOLOGIA
_zUNKNOWN
_0COMPRA
_o.STAFF. Colección General
949 _a231 B83 3
_wDEWEY
_c2
_i41880
_lDISCARD
_lCCODEBUL1
_mBUL
_r0
_sY
_tBOOK
_u2015-4-23
_xBIBLIOTECA
_zUNKNOWN
_0COMPRA
_o.STAFF. Colección General
949 _a231 B83 3
_wDEWEY
_c3
_i41887
_lCCODEBUL1
_mBUL
_r0
_sY
_tBOOK
_u2015-4-23
_xTEOLOGIA
_zUNKNOWN
_0COMPRA
_o.STAFF. Colección General
994 _aC0
_bPEPRU
596 _a1
999 _a231 B83 3
_wDEWEY
_c59629
_i41867
_lDISCARD
_mBUL
_r0
_sY
_tBOOK
_u2015-6-16
_xTEOLOGIA
_zUNKNOWN
_0COMPRA
_o.STAFF. Colección General
_d59629
999 _a231 B83 3
_wDEWEY
_c2
_i41880
_lLOST
_mBUL
_r1
_sY
_tBOOK
_u2015-4-23
_xTEOLOGIA
_zUNKNOWN
_0COMPRA
_o.STAFF. Colección General
999 _a231 B83 3
_wDEWEY
_c3
_i41887
_f2021-11-9
_g5
_lCCODEBUL1
_mBUL
_q1
_r0
_sY
_tBOOK
_u2015-4-23
_xTEOLOGIA
_zUNKNOWN
_0COMPRA
_o.STAFF. Colección General
980 _81
_gALBERTO SANCHEZ Responsable de Automatización